| 000 | 00580cam a2200181 a 4500 | ||
|---|---|---|---|
| 020 | _a0534595626 | ||
| 040 |
_aDLC _cDLC _dDLC |
||
| 082 | 0 | 0 |
_a153.12 _221 |
| 100 | 1 | _aNeath, Ian, | |
| 245 | 1 | 0 |
_aHuman memory : an introduction to research data and theory _cIan Neath, Aimee M. Surprenant. |
| 250 | _a2nd ed. | ||
| 260 |
_aAustralia ; _aBelmont, CA : _bThomson/Wadsworth, _cc2003. |
||
| 300 |
_axxii, 474 p. : _bill. ; _c24 cm. |
||
| 504 | _aIncludes bibliographical references (p. 403-440) and indexes. | ||
| 650 | 0 | _aMemory. | |
| 700 | 1 | _aSurprenant, Aimée M. | |
| 942 |
_2ddc _cBK |
||
| 999 |
_c11449 _d11449 |
||